000 nam a22 7a 4500
999 _c342317
_d342317
003 NUST
005 20171218104613.0
008 171218b xxu||||| |||| 00| 0 eng d
040 _c0
082 _a677.0287 NIS
245 _aTextile Chemistry (TD-214):
_blab manual for diploma of associate engineer
260 _aIslamabad
_bNISTE.NBF
_c2002.
300 _a30p.
500 _aP.B
942 _2ddc
_cBK
_kIESE